Word Ladder: Feeling Blue? Quiz Stats

 Plays Quiz Updated Sep 5, 2015

Challenge
Share
Tweet
Embed
Score 0/37 Timer 04:00
1 Play Today
Clue 4-Letter Word % Correct
Twelfth of a footINCH
96.2%
Earth's centerCORE
94.8%
Result of a rash or poison ivyITCH
93.8%
Veggie that comes in earsCORN
93.4%
• Drought relief •• RAIN •
92.7%
Abel's big brotherCAIN
92.4%
A small citrus fruitLIME
91.2%
Part of a train trackRAIL
90.8%
Achy and in need of a massageSORE
90.7%
Self-defense sprayMACE
89%
Ancient Peruvian nativeINCA
88.3%
• Have to •• MUST •
88.3%
Place with a food courtMALL
88%
• Per person •• EACH •
87.8%
• Plummet •• FALL •
87.8%
Paella ingredientRICE
87.3%
Mixed-breed dogMUTT
86.7%
Item for a numismatistCOIN
86.1%
Iditarod, for exampleRACE
85.7%
Clue 4-Letter Word % Correct
Use acid on a metal surfaceETCH
85.5%
One of the rooms in Clue(do)HALL
84.8%
Speed-of-sound numberMACH
83.8%
Fidel Castro's brotherRAÚL
81.1%
''Magic Mike'' actor BomerMATT
80.3%
Soda fountain treatMALT
79.9%
• A handful of •• SOME •
79.8%
• Breakfast cereal, magazine, or board game •• LIFE •
79.2%
• Star Trek ___ Darkness •• INTO •
78.7%
Handle roughlyMAUL
78.5%
Capital of TogoLOMÉ
78.5%
Sentry's cryHALT
78.3%
RuminateMULL
74.5%
AbundantRIFE
74.2%
Prospector's animalMULE
73.6%
Urania is oneMUSE
70.3%
Teri's ''Young Frankenstein'' characterINGA
49%
''General Hospital'' star RademacherINGO
45.9%

Today's Daily Dose

You're not logged in!

Compare scores with friends on all Sporcle quizzes.
Join for Free
OR
Log In

You Might Also Like...

Show Comments

Extras

Top Quizzes Today


Score Distribution

Your Account Isn't Verified!

In order to create a playlist on Sporcle, you need to verify the email address you used during registration. Go to your Sporcle Settings to finish the process.

Report this User

Report this user for behavior that violates our Community Guidelines.

Details: